<?xml version="1.0" encoding="UTF-8"?><?xml-stylesheet type="text/xsl" href="static/style.xsl"?><OAI-PMH xmlns="http://www.openarchives.org/OAI/2.0/" xmlns:xsi="http://www.w3.org/2001/XMLSchema-instance" xsi:schemaLocation="http://www.openarchives.org/OAI/2.0/ http://www.openarchives.org/OAI/2.0/OAI-PMH.xsd"><responseDate>2026-06-02T17:39:19Z</responseDate><request verb="GetRecord" identifier="oai:riuma.uma.es:10630/20153" metadataPrefix="marc">https://riuma.uma.es/rest/oai/request</request><GetRecord><record><header><identifier>oai:riuma.uma.es:10630/20153</identifier><datestamp>2026-02-03T11:49:56Z</datestamp><setSpec>com_10630_2254</setSpec><setSpec>col_10630_37959</setSpec></header><metadata><record xmlns="http://www.loc.gov/MARC21/slim" xmlns:dcterms="http://purl.org/dc/terms/" xmlns:doc="http://www.lyncode.com/xoai" xmlns:xsi="http://www.w3.org/2001/XMLSchema-instance" xsi:schemaLocation="http://www.loc.gov/MARC21/slim http://www.loc.gov/standards/marcxml/schema/MARC21slim.xsd">
   <leader>00925njm 22002777a 4500</leader>
   <datafield ind2=" " ind1=" " tag="042">
      <subfield code="a">dc</subfield>
   </datafield>
   <datafield ind2=" " ind1=" " tag="720">
      <subfield code="a">Mena-Rodríguez, Esther</subfield>
      <subfield code="e">author</subfield>
   </datafield>
   <datafield ind2=" " ind1=" " tag="720">
      <subfield code="a">Aranda-Garrido, María Lourdes</subfield>
      <subfield code="e">author</subfield>
   </datafield>
   <datafield ind2=" " ind1=" " tag="720">
      <subfield code="a">Jiménez Perona, Mª Inmaculada</subfield>
      <subfield code="e">author</subfield>
   </datafield>
   <datafield ind2=" " ind1=" " tag="260">
      <subfield code="c">2020-10-26</subfield>
   </datafield>
   <datafield ind2=" " ind1=" " tag="520">
      <subfield code="a">Las asimetrías suelen estar presentes en todas las relaciones sociales, siendo las relaciones de parejas donde, tal vez se pueden visualizar más. Dichas asimetrías tienen su origen en los roles de género atribuidos por la sociedad patriarcal en la sociedad en la que vivimos. Según diversos autores como Daume y Hurting (1995), el principio organizador de las asimetrías de género se basa en la relación de dominación que los hombres tienen sobre las mujeres. Según Bonino (1998), denomina a dichas asimetrías de género micromachismos. Para investigar dichos micromachismos, hemos realizado un estudio piloto en la Facultad de Educación de la Universidad de Málaga. El objetivo de esta investigación ha sido, precisamente, visualizar los comportamientos "invisibles" de violencia y dominación que, en las relaciones de pareja se suelen dar por parte de los hombres. Se ha utilizado una metodología de encuesta o survey que, ha sido contestada por una muestra de 25 personas, cuyos participantes pertenecen a diferentes géneros. Los resultados muestran diferencias estadísticamente significativas entre hombres y mujeres en las conductas micromachistas de controlar dónde y con quién sale su pareja (p&lt; .05) y también, en echar en cara continuamente errores que cometió la pareja en el pasado (p&lt; .05). Del análisis de dicho estudio podemos concluir que las desigualdades hoy en día en nuestra sociedad pasan por pequeños actos cotidianos que no siempre son perceptibles.</subfield>
   </datafield>
   <datafield ind1="8" ind2=" " tag="024">
      <subfield code="a">https://hdl.handle.net/10630/20153</subfield>
   </datafield>
   <datafield tag="653" ind2=" " ind1=" ">
      <subfield code="a">Mujeres-Malos tratos</subfield>
   </datafield>
   <datafield tag="653" ind2=" " ind1=" ">
      <subfield code="a">Enseñanza superior</subfield>
   </datafield>
   <datafield tag="653" ind2=" " ind1=" ">
      <subfield code="a">Machismo</subfield>
   </datafield>
   <datafield tag="653" ind2=" " ind1=" ">
      <subfield code="a">Universidad de Málaga-Facultad de Ciencias de la Educación-Encuestas</subfield>
   </datafield>
   <datafield tag="653" ind2=" " ind1=" ">
      <subfield code="a">Educación - Investigación</subfield>
   </datafield>
   <datafield ind2="0" ind1="0" tag="245">
      <subfield code="a">Análisis de las asimetrías de género en las relaciones de parejas. Un estudio piloto.</subfield>
   </datafield>
</record>
</metadata></record></GetRecord></OAI-PMH>